| 000 | 00450nam a2200157 i 4500 | ||
|---|---|---|---|
| 001 | 40290 | ||
| 003 | ES-MaACL | ||
| 005 | 20230906160201.0 | ||
| 007 | t| | ||
| 008 | 030305s1969 sp ||||1| spa d | ||
| 100 | 1 |
_aCarrasco Canals, Fernando. _935547 |
|
| 245 | 1 | 0 |
_aContabilidad nacional / _cFernando Carrasco Canals. |
| 260 |
_aMadrid : _bGuadiana de Publicaciones, _c[1969] |
||
| 300 |
_a246 p. ; _c24 cm. |
||
| 852 |
_aES-MaACL _jC-37793 _bR.72667 |
||
| 999 |
_c40290 _d40290 |
||